00794pam a2200193 a 4500020001500000040000800015082002600023100002600049245006600075260005700141300002800198500017000226650002300396650002400419700001600443700001900459710005600478710006600534 a0933595549 cDLC00a634 WIN 1991 C152 Or.1 aMacDicken, Kenneth G.10aStandard research methods for multipurpose trees and shrubs / aArlington, VA, USA :bWinrock International,cc1991. a92 p. :bill. ;c27 cm. aA research study co-sponsored by the International Council for Research in Agroforestry (ICRAF) and the Winrock International Institute for Agricultural Development. 0aMultipurpose trees 0aMultipurpose shrubs1 aWolf, G. V.1 aBriscoe, C. B.2 aInternational Council for Research in Agroforestry.2 aWinrock International Institute for Agricultural Development.